[Event "Medellin Flores op 30th"]
[Site "Medellin"]
[Date "2023.08.06"]
[Round "6"]
[White "Espinel Forero, Aura Maria"]
[Black "Garces Trujillo, Luis Javier"]
[Result "1-0"]
[WhiteElo "1506"]
[BlackElo "1830"]
[PlyCount "58"]
[EventDate "2023.08.03"]
[EventType "swiss"]
[EventRounds "9"]
[EventCountry "COL"]
[SourceTitle "EXT 2024"]
[Source "ChessBase"]
[SourceDate "2023.10.10"]
[SourceVersion "1"]
[SourceVersionDate "2023.10.10"]
[SourceQuality "1"]

1. e4 c5 2. Nf3 Nc6 3. d4 cxd4 4. Nxd4 Qc7 5. Nc3 e6 6. Be3 Nf6 7. Ndb5 Qb8 8. Be2 a6 9. Nd4 Bb4 10. Bf3 Qc7 11. 0-0 Bxc3 12. bxc3 Ne5 13. Bf4 Nxf3+ 14. Qxf3 e5 15. Bg3 d6 16. Nb3 Be6 17. Bh4 0-0-0 18. Qe3 Ng4 19. Qa7 f6 20. f3 g5 21. Bg3 Nh6 22. Bf2 Qb8 23. Qb6 Qc7 24. Qa7 Kd7 25. Rfd1 Rb8 26. Nc5+ Ke7 27. Nxa6 Qc8 28. Nxb8 Qxb8 29. Qxb8 Rxb8 1-0

[Event "COL-ch"]
[Site "Cartagena"]
[Date "2023.06.09"]
[Round "4"]
[White "Garces Trujillo, Luis Javier"]
[Black "Hernandez Jimenez, Jeronimo"]
[Result "0-1"]
[WhiteElo "1796"]
[BlackElo "2151"]
[PlyCount "53"]
[EventDate "2023.06.08"]
[EventType "swiss"]
[EventRounds "9"]
[EventCountry "COL"]
[SourceTitle "CBM 215 Extra"]
[Source "ChessBase"]
[SourceDate "2023.09.30"]
[SourceVersion "1"]
[SourceVersionDate "2023.09.30"]
[SourceQuality "1"]

1. d4 d5 2. Nf3 Nf6 3. c4 dxc4 4. e3 a6 5. Bxc4 e6 6. 0-0 c5 7. Nc3 b5 8. Bd3 Bb7 9. a3 Nc6 10. dxc5 Bxc5 11. b4 Be7 12. Bb2 0-0 13. Rc1 Rc8 14. Qe2 Qb6 15. e4 Rfd8 16. Bb1 a5 17. e5 Nd7 18. Ne4 axb4 19. Nfg5 h6 20. Nxf7 Kxf7 21. Qh5+ Kf8 22. Qf3+ Kg8 23. Nf6+ Bxf6 24. exf6 Nd4 25. Qe3 Nxf6 26. Rcd1 Qc6 27. f3 0-1

[Event "Medellin Antioquia-ch"]
[Site "Medellin"]
[Date "2023.04.19"]
[Round "2"]
[White "Sanabria, Edgar"]
[Black "Garces Trujillo, Luis Javier"]
[Result "0-1"]
[WhiteElo "1555"]
[BlackElo "1832"]
[PlyCount "54"]
[EventDate "2023.04.18"]
[EventType "swiss"]
[EventRounds "7"]
[EventCountry "COL"]
[SourceTitle "EXT 2024"]
[Source "ChessBase"]
[SourceDate "2023.10.10"]
[SourceVersion "1"]
[SourceVersionDate "2023.10.10"]
[SourceQuality "1"]

1. e4 e5 2. Nf3 Nc6 3. Bc4 Bc5 4. Nc3 Nf6 5. d3 d6 6. Na4 Bb6 7. Nxb6 axb6 8. Be3 Bg4 9. h3 Bh5 10. g4 Bg6 11. 0-0 Qd7 12. Nh4 d5 13. exd5 Nxd5 14. Qf3 Nf6 15. Rfe1 0-0-0 16. Nxg6 hxg6 17. Kg2 Rdf8 18. Bb5 Qd6 19. Bxc6 bxc6 20. c4 Nd7 21. b4 f5 22. c5 fxg4 23. Qxg4 Qd5+ 24. f3 Kb7 25. cxb6 cxb6 26. Qxg6 Qxf3+ 27. Kh2 Rxh3+ 0-1

[Event "Medellin Easter op 11th"]
[Site "Medellin"]
[Date "2023.04.06"]
[Round "3"]
[White "Garces Trujillo, Luis Javier"]
[Black "Aponte Castillo, Jose Ernesto"]
[Result "0-1"]
[WhiteElo "1832"]
[BlackElo "2071"]
[PlyCount "42"]
[EventDate "2023.04.05"]
[EventType "swiss"]
[EventRounds "7"]
[EventCountry "COL"]
[SourceTitle "CBM 213 Extra"]
[Source "ChessBase"]
[SourceDate "2023.05.31"]
[SourceVersion "1"]
[SourceVersionDate "2023.05.31"]
[SourceQuality "1"]

1. d4 e6 2. Nf3 f5 3. Nc3 Nf6 4. Bg5 Bb4 5. Qd3 h6 6. Bxf6 Qxf6 7. a3 Bxc3+ 8. Qxc3 Nc6 9. e3 d6 10. Bb5 Bd7 11. Qb3 0-0 12. c4 e5 13. Bxc6 bxc6 14. dxe5 dxe5 15. Qc3 Rae8 16. 0-0 c5 17. Rfd1 Bc6 18. b4 f4 19. bxc5 Qg6 20. Kf1 Qh5 21. Ke2 e4 0-1

[Event "Jamundi Valle Avanza op-B"]
[Site "Jamundi"]
[Date "2022.12.10"]
[Round "5"]
[White "Garces Trujillo, Luis Javier"]
[Black "Franco, Jhonier"]
[Result "0-1"]
[WhiteElo "1863"]
[BlackElo "1900"]
[PlyCount "114"]
[EventDate "2022.12.08"]
[EventType "swiss"]
[EventRounds "7"]
[EventCountry "COL"]
[SourceTitle "EXT 2024"]
[Source "ChessBase"]
[SourceDate "2023.10.10"]
[SourceVersion "1"]
[SourceVersionDate "2023.10.10"]
[SourceQuality "1"]

1. d4 c5 2. d5 Nf6 3. Nf3 g6 4. Nc3 d6 5. e4 Bg7 6. Bb5+ Bd7 7. a4 0-0 8. 0-0 a6 9. Bc4 b6 10. h3 Ne8 11. Bf4 f6 12. Qd2 Kh8 13. Bg3 Nc7 14. Nh2 Be8 15. f4 Nd7 16. Nf3 Rb8 17. Qe2 Qc8 18. e5 f5 19. Bh4 dxe5 20. Bxe7 e4 21. Bxf8 Nxf8 22. Ne5 b5 23. axb5 axb5 24. Ba2 c4 25. Rad1 Bxe5 26. fxe5 b4 27. d6 Nce6 28. Nd5 b3 29. Bb1 Qc5+ 30. Kh1 Bc6 31. Ne7 bxc2 32. Qxc2 Ba8 33. Ba2 e3 34. Rde1 Qxe5 35. Qc3 Qxc3 36. bxc3 Rb2 37. Bxc4 Bxg2+ 38. Kg1 Bxf1 39. Kxf1 f4 40. d7 Ng5 41. Re2 Rb1+ 42. Re1 Rxe1+ 43. Kxe1 Nxd7 44. Nd5 Ne5 45. Bf1 Ne6 46. h4 Kg7 47. Bh3 Nc5 48. Nxf4 Ncd3+ 49. Nxd3 Nxd3+ 50. Ke2 Nf4+ 51. Kxe3 Nxh3 52. Kf3 Kf6 53. Kg3 Ng1 54. Kf2 Nh3+ 55. Kg3 Ng5 56. hxg5+ Kxg5 57. c4 Kf5 0-1

[Event "Sabaneta op-B 1st"]
[Site "Sabaneta"]
[Date "2022.11.27"]
[Round "4"]
[White "Garces Trujillo, Luis Javier"]
[Black "Toro Ramirez, Samuel"]
[Result "1/2-1/2"]
[WhiteElo "1863"]
[BlackElo "1693"]
[PlyCount "105"]
[EventDate "2022.11.25"]
[EventType "swiss"]
[EventRounds "8"]
[EventCountry "COL"]
[SourceTitle "CBM 211 Extra"]
[Source "ChessBase"]
[SourceDate "2023.01.31"]
[SourceVersion "1"]
[SourceVersionDate "2023.01.31"]
[SourceQuality "1"]

1. d4 d5 2. c4 c6 3. Nc3 Nf6 4. e3 e6 5. Nf3 Nbd7 6. Bd3 dxc4 7. Bxc4 b5 8. Bd3 Bb7 9. a3 a6 10. 0-0 c5 11. Re1 Be7 12. e4 cxd4 13. Nxd4 Nc5 14. Bc2 e5 15. Nf5 Qxd1 16. Rxd1 Ncxe4 17. Nxe4 Nxe4 18. Nxg7+ Kf8 19. Bh6 Nf6 20. h3 Kg8 21. Bb3 Bf8 22. Nf5 Be4 23. Bxf8 Kxf8 24. Nd6 Bg6 25. Rac1 Kg7 26. Rc7 Ne8 27. Nxe8+ Rhxe8 28. Rdd7 Rf8 29. Kf1 Rac8 30. Ke2 Rxc7 31. Rxc7 Rd8 32. f3 Rd4 33. Rc6 b4 34. Bc4 bxa3 35. bxa3 a5 36. Rc7 Rd6 37. a4 Rb6 38. Bb5 Rd6 39. Ra7 Rd5 40. Rxa5 Rc5 41. Ra7 Kf6 42. Bd3 Rd5 43. Bxg6 hxg6 44. Rb7 Rd4 45. a5 Ra4 46. Rb5 Ra2+ 47. Kf1 Kf5 48. g3 Ra1+ 49. Ke2 Ra2+ 50. Kd1 Ra3 51. Ke2 Ra2+ 52. Ke1 Ra3 53. Ke2 1/2-1/2

[Event "Sabaneta op-B 1st"]
[Site "Sabaneta"]
[Date "2022.11.26"]
[Round "2"]
[White "Garces Trujillo, Luis Javier"]
[Black "Garcia Ramirez, Ramon"]
[Result "1-0"]
[WhiteElo "1863"]
[BlackElo "1512"]
[PlyCount "67"]
[EventDate "2022.11.25"]
[EventType "swiss"]
[EventRounds "8"]
[EventCountry "COL"]
[SourceTitle "CBM 211 Extra"]
[Source "ChessBase"]
[SourceDate "2023.01.31"]
[SourceVersion "1"]
[SourceVersionDate "2023.01.31"]
[SourceQuality "1"]

1. d4 e6 2. Nf3 d5 3. c4 Nf6 4. Nc3 c5 5. cxd5 exd5 6. g3 h6 7. Bg2 Nc6 8. 0-0 Be7 9. Bf4 0-0 10. Rc1 b6 11. dxc5 bxc5 12. Na4 Qa5 13. b3 Rd8 14. Qd2 Qb5 15. Nc3 Qb6 16. Ne5 Be6 17. Nxc6 Qxc6 18. Qc2 Rac8 19. e4 d4 20. e5 Nd5 21. Ne4 Qb6 22. Bd2 Nb4 23. Qb1 Qb5 24. Rfd1 Bd5 25. Bxb4 Qxb4 26. Qd3 a5 27. Re1 a4 28. Nd6 Bxd6 29. Bxd5 Be7 30. Qf5 Rf8 31. e6 Bf6 32. exf7+ Kh8 33. Be4 g6 34. Qxf6+ 1-0

[Event "Medellin Feria de las Flores op"]
[Site "Medellin"]
[Date "2022.08.07"]
[Round "9"]
[White "Ardila, Oscar Humberto"]
[Black "Garces Trujillo, Luis Javier"]
[Result "1-0"]
[WhiteElo "2019"]
[BlackElo "1852"]
[PlyCount "67"]
[EventDate "2022.08.03"]
[EventType "swiss"]
[EventRounds "9"]
[EventCountry "COL"]
[SourceTitle "CBM 209 Extra"]
[Source "ChessBase"]
[SourceDate "2022.09.30"]
[SourceVersion "1"]
[SourceVersionDate "2022.09.30"]
[SourceQuality "1"]

1. d4 Nf6 2. c4 g6 3. Nc3 d5 4. e3 Bg7 5. Nf3 0-0 6. Qb3 dxc4 7. Bxc4 Nc6 8. Ne5 Nxe5 9. dxe5 Ng4 10. e6 f5 11. 0-0 Qd6 12. f4 c6 13. Rd1 Qc7 14. h3 Nf6 15. a4 Kh8 16. Bd2 Ne8 17. e4 Nd6 18. e5 Nxc4 19. Qxc4 Qb6+ 20. Kh2 c5 21. Be3 Bxe6 22. Qxc5 Qxb2 23. Rab1 b6 24. Rxb2 bxc5 25. Rb7 g5 26. Rxe7 gxf4 27. Bxf4 Rfe8 28. Rc7 Rec8 29. Rxc8+ Rxc8 30. Rd6 Bc4 31. Rd7 a6 32. Kg3 Re8 33. Rc7 Rxe5 34. Rxg7 1-0

[Event "Medellin Feria de las Flores op"]
[Site "Medellin"]
[Date "2022.08.04"]
[Round "3"]
[White "Martinez Baquero, Gabriel Santiago"]
[Black "Garces Trujillo, Luis Javier"]
[Result "0-1"]
[WhiteElo "1543"]
[BlackElo "1852"]
[PlyCount "80"]
[EventDate "2022.08.03"]
[EventType "swiss"]
[EventRounds "9"]
[EventCountry "COL"]
[SourceTitle "CBM 209 Extra"]
[Source "ChessBase"]
[SourceDate "2022.09.30"]
[SourceVersion "1"]
[SourceVersionDate "2022.09.30"]
[SourceQuality "1"]

1. e4 c5 2. Nf3 Nc6 3. d4 cxd4 4. Nxd4 Qc7 5. Be3 Nf6 6. Nc3 e6 7. Ndb5 Qb8 8. g3 a6 9. Nd4 Bb4 10. Bg2 0-0 11. 0-0 Ne5 12. Nf3 Neg4 13. Bd4 e5 14. Bb6 d6 15. h3 Bxc3 16. bxc3 Nd7 17. Ba5 Ngf6 18. Nh4 Nc5 19. Bb4 a5 20. Bxc5 dxc5 21. Qd3 Qc7 22. Rfd1 Be6 23. Qd6 Qxd6 24. Rxd6 Rfd8 25. Rad1 Rxd6 26. Rxd6 Bxa2 27. Rb6 Be6 28. Rxb7 a4 29. Rb1 a3 30. Nf5 a2 31. Ra1 Rb8 32. Rxa2 Bxa2 33. Ne3 Rb1+ 34. Kh2 Rc1 35. f4 exf4 36. gxf4 Re1 37. Nd5 Nxd5 38. exd5 Rd1 39. Bf3 Rd2+ 40. Kg3 Bxd5 0-1

[Event "Medellin Easter op 10th"]
[Site "Medellin"]
[Date "2022.04.16"]
[Round "7"]
[White "Garces Trujillo, Luis Javier"]
[Black "Mateus, Martha"]
[Result "0-1"]
[WhiteElo "1848"]
[BlackElo "2009"]
[PlyCount "112"]
[EventDate "2022.04.13"]
[EventType "swiss"]
[EventRounds "8"]
[EventCountry "COL"]
[SourceTitle "CBM 207 Extra"]
[Source "ChessBase"]
[SourceDate "2022.05.31"]
[SourceVersion "1"]
[SourceVersionDate "2022.05.31"]
[SourceQuality "1"]

1. d4 d5 2. c4 e6 3. Nc3 c5 4. cxd5 exd5 5. Nf3 Nc6 6. g3 Nf6 7. Bg2 Be7 8. 0-0 0-0 9. Bg5 cxd4 10. Nxd4 h6 11. Bf4 Bg4 12. h3 Be6 13. Rc1 Qd7 14. Kh2 Rad8 15. Ncb5 Nh5 16. Be3 Nxd4 17. Nxd4 Bd6 18. Qd2 Bb8 19. Bf3 Nf6 20. Bf4 Bxh3 21. Rh1 Ne4 22. Bxe4 dxe4 23. Bxb8 Rxb8 24. e3 Bg4 25. Qa5 Rbc8 26. Qb5 Qe7 27. Kg2 a6 28. Qb6 Rfd8 29. Rxc8 Rxc8 30. b4 Rc4 31. Rb1 Qd7 32. b5 Bf3+ 33. Kh2 Qd5 34. Nxf3 exf3 35. Kg1 axb5 36. Qxb5 Rc1+ 37. Kh2 Rc5 38. Qxb7 Qh5+ 39. Kg1 Rf5 40. Qa6 Qh3 41. Qf1 Qg4 42. Rb8+ Kh7 43. Qd3 Qh3 44. Qf1 Qh5 45. Qd3 Qg6 46. Qd8 Qc6 47. Qc8 Qxc8 48. Rxc8 Rb5 49. Rc1 Ra5 50. Rc2 Kg6 51. Kf1 Kf5 52. Ke1 g5 53. Kd2 Ra3 54. Kc1 Kg4 55. Kb2 Ra7 56. Kb3 Kh3 0-1